书目信息 |
| 题名: |
传热学
|
|
| 作者: | 张兴中 , 黄文 , 刘庆国 编著 | |
| 分册: | ||
| 出版信息: | 北京 国防工业出版社 2011.08 |
|
| 页数: | 179页 | |
| 开本: | 26cm | |
| 丛书名: | ||
| 单 册: | ||
| 中图分类: | TK124 | |
| 科图分类: | ||
| 主题词: | 传热学 | |
| 电子资源: | ||
| ISBN: | 978-7-118-07589-2 | |
| 000 | 00833nam0 2200253 450 | |
| 001 | 010050018289 | |
| 005 | 20130627093611.70 | |
| 010 | @a978-7-118-07589-2@dCNY26.00 | |
| 100 | @a20110909d2011 em y0chiy50 ea | |
| 101 | 0 | @achi |
| 102 | @aCN@b110000 | |
| 105 | @aak z 000yy | |
| 106 | @ar | |
| 200 | 1 | @a传热学@9chuan re xue@f张兴中,黄文,刘庆国编著 |
| 210 | @a北京@c国防工业出版社@d2011.08 | |
| 215 | @a179页@c图@d26cm | |
| 330 | @a本书系统地介绍了传热学基本理论和应用。具体内容包括:绪论、导热基本方程和稳态导热理论、非稳态导热、导热问题的数值解法等。 | |
| 606 | 0 | @a传热学 |
| 690 | @aTK124@v4 | |
| 701 | 0 | @a张兴中@9zhang xing zhong@f(1965-)@4编著 |
| 701 | 0 | @a黄文@9huang wen@f(1962-)@4编著 |
| 701 | 0 | @a刘庆国@9liu qing guo@f(1963-)@4编著 |
| 801 | 0 | @aCN@bRENTIAN@c20110909 |
| 905 | @b546308-11@dTK124@e119@f4 | |
| 传热学/张兴中,黄文,刘庆国编著.-北京:国防工业出版社,2011.08 |
| 179页:图;26cm |
| ISBN 978-7-118-07589-2:CNY26.00 |
| 本书系统地介绍了传热学基本理论和应用。具体内容包括:绪论、导热基本方程和稳态导热理论、非稳态导热、导热问题的数值解法等。 |
| ● |
| 相关链接 |
|
|
|
|
正题名:传热学
索取号:TK124/119
 
预约/预借
| 序号 | 登录号 | 条形码 | 馆藏地/架位号 | 状态 | 备注 |
| 1 | 546308 | 205463087 | 第二样本阅览室/ [索取号:TK124/119] | 在馆 | |
| 2 | 546309 | 205463096 | 密集书库-化学系/ [索取号:TK124/119] | 在馆 | |
| 3 | 546310 | 205463103 | 第三借阅区/ [索取号:TK124/119] | 在馆 | |
| 4 | 546311 | 205463112 | 第三借阅区/ [索取号:TK124/119] | 在馆 |